| Tag |
First Indicator |
Second Indicator |
Subfields |
| LEADER |
00000uam a2200000 a 4500 |
| 001 |
in00004231069 |
| 005 |
20260130165505.4 |
| 006 |
m o d |
| 007 |
cr cn |
| 008 |
080513s2005 xx o eng |
| 020 |
|
|
|z 9781605092515
|
| 020 |
|
|
|z 9781576752586
|
| 035 |
|
|
|a (CaSebORM)9781605092515
|
| 040 |
|
|
|d UtOrBLW
|
| 041 |
0 |
|
|a eng
|
| 100 |
1 |
|
|a Brown, Juanita,
|e author.
|0 http://id.loc.gov/authorities/names/nb2019000603
|
| 245 |
1 |
4 |
|a The World Café /
|c Brown, Juanita.
|
| 250 |
|
|
|a 1st edition.
|
| 264 |
|
1 |
|b Berrett-Koehler Publishers,
|c 2005.
|
| 300 |
|
|
|a 1 online resource (300 pages)
|
| 336 |
|
|
|a text
|b txt
|2 rdacontent
|
| 337 |
|
|
|a computer
|b c
|2 rdamedia
|
| 338 |
|
|
|a online resource
|b cr
|2 rdacarrier
|
| 347 |
|
|
|a text file
|
| 520 |
|
|
|a The World Cafe is a flexible, easy-to-use process for fostering collaborative dialogue, sharing mutual knowledge, and discovering new opportunities for action. Based on living systems thinking, this innovative approach creates dynamic networks of conversation that can catalyze an organization or community's own collective intelligence around its most important questions. Filled with stories of actual Cafe dialogues in business, education, government, and community organizations across the globe, this uniquely crafted book demonstrates how the World Cafe can be adapted to any setting or culture. Examples from such varied organizations as Hewlett-Packard, American Society for Quality, the nation of Singapore, the University of Texas, and many others, demonstrate the process in action. Along with its seven core design principles, The World Cafe offers practical tips for hosting "conversations that matter" in groups of any size- strengthening both personal relationships and people's capacity to shape the future together.
|
| 533 |
|
|
|a Electronic reproduction.
|b Boston, MA :
|c Safari,
|n Available via World Wide Web.
|d 2005.
|
| 538 |
|
|
|a Mode of access: World Wide Web.
|
| 542 |
|
|
|f Copyright © Berrett-Koehler Publishers 2005
|g 2005
|
| 588 |
|
|
|a Online resource; Title from title page (viewed June 5, 2005)
|
| 500 |
|
|
|a Electronic resource.
|
| 655 |
|
7 |
|a Electronic books.
|2 local
|
| 700 |
1 |
|
|a Isaacs, David,
|e author.
|0 http://id.loc.gov/authorities/names/n83025504
|
| 700 |
1 |
|
|a Community, World,
|e author.
|
| 710 |
2 |
|
|a Safari, an O'Reilly Media Company.
|
| 856 |
4 |
0 |
|u https://proxy.library.tamu.edu/login?url=https://go.oreilly.com/TAMU/library/view/-/9781605092515/?ar
|z Connect to this electronic resource
|t 0
|
| 999 |
f |
f |
|s 0060d04f-d13f-3af7-8362-40f9a912d631
|i 4acf970a-9430-3955-a9e4-15a62d25e7b4
|t 0
|
| 952 |
f |
f |
|a Texas A&M University
|b College Station
|c Electronic Resources
|s www_evans
|d Available Online
|t 0
|h No information provided
|
| 998 |
f |
f |
|t 0
|l Available Online
|